El asalto y saco de Roma por los españoles (Record no. 39620)

MARC details
000 -LEADER
campo de control de longitud fija 01053nam a2200241 i 4500
001 - NÚMERO DE CONTROL
campo de control 39620
003 - IDENTIFICADOR DE NÚMERO DE CONTROL
campo de control ES-MaACL
005 - FECHA Y HORA DE LA ÚLTIMA TRANSACCIÓN
campo de control 20231221150400.0
007 - CAMPO FIJO DE DESCRIPCIÓN FÍSICA--INFORMACIÓN GENERAL
campo de control de longitud fija t|
008 - DATOS DE LONGITUD FIJA--INFORMACIÓN GENERAL
campo de control de longitud fija 030303s1858 sp ||||1| spa d
080 ## - NÚMERO DE LA CLASIFICACIÓN DECIMAL UNIVERSAL
Número de la Clasificación Decimal Universal 94(450.621 R.)"1527"
100 1# - ENTRADA PRINCIPAL--NOMBRE DE PERSONA
Nombre de persona Cánovas del Castillo, Antonio,
Fechas asociadas al nombre 1828-1897
9 (RLIN) 34600
245 13 - MENCIÓN DEL TÍTULO
Título El asalto y saco de Roma por los españoles
Resto del título : epístola dirigida al Excmo. Señor D. Serafín Estévanez Calderón /
Mención de responsabilidad, etc. por D. Antonio Cánovas del Castillo.
260 ## - PUBLICACIÓN, DISTRIBUCIÓN, ETC.
Lugar de publicación, distribución, etc. Madrid :
Nombre del editor, distribuidor, etc. [s.n.],
Fecha de publicación, distribución, etc. 1858 (
Fabricante Imp. de La América)
300 ## - DESCRIPCIÓN FÍSICA
Extensión 26 p., [1] h. de plano ;
Dimensiones 20 cm.
530 ## - NOTA DISPONIBLE DE FORMULARIO FÍSICO ADICIONAL
Nota de formato físico adicional disponible Disponible en formato digital.
599 ## - NOTA A LAS ILUSTRACIONES
NOTA A LAS ILUSTRACIONES Plano: Roma el 6 de mayo de 1527, día del asalto y toma de la ciudad por el ejército de Carlos V.
651 #4 - PUNTO DE ACCESO ADICIONAL DE MATERIA--NOMBRE GEOGRÁFICO
Nombre geográfico Roma (Ciudad)-
Subdivisión general Historia-
Subdivisión cronológica 1527 (Saco)
9 (RLIN) 138170
651 #0 - PUNTO DE ACCESO ADICIONAL DE MATERIA--NOMBRE GEOGRÁFICO
Nombre geográfico España-
Subdivisión general Historia-
Subdivisión cronológica 1516-1556, Carlos I.
9 (RLIN) 8224
852 ## - LOCALIZACIÓN
Ubicación ES-MaACL
Número de control de estantería T-1-F-5
856 ## - LOCALIZACIÓN Y ACCESO ELECTRÓNICOS
Identificador Uniforme de Recursos <a href="http://hdl.handle.net/20.500.11938/81477 ">http://hdl.handle.net/20.500.11938/81477 </a>
Nota pública Repositorio Digital de la Biblioteca Foral de Bizkaia
Holdings
Estatus retirado Estado de pérdida Estado de daño No para préstamo Colección Biblioteca de origen Biblioteca actual Ubicación en estantería Fecha de adquisición Fuente de adquisición Total de préstamos Signatura topográfica completa Código de barras Visto por última vez Precio de reemplazo Tipo de ítem Koha
        Colección de folletos Biblioteca del Ateneo de Madrid Biblioteca del Ateneo de Madrid Depósito folletos 17/01/2008     T-1-F-5 1041726 23/02/2023 23/02/2023 Folleto